00569nam a2200193Ia 450000500170000000800410001704000190005804100120007708200130008910000140010224501030011625000120021926000320023130000290026350400190029265000200031165100340033185000100036520230606152146.0131103s9999 xx 000 0 und d aLoreto College aEnglish a935bHAL aHall,H.R. 4aThe Ancient history of the near eastb from the earliest times to the Battle of Salamis cH.R.Hall a9th ed. aLondonbMethuen & Co.c1936 axxxiv,620 p.b ill.,maps aIncludes index aAncient History aMesopotamia - Ancient History aLCLIB